00465nam a2200181Ia 4500008004100000020001800041050001400059100001800073245004600091245004700137260001500184260001600199260000900215300001400224300002700238300001000265500000800275170918s9999 xx 000 0 und d a9780545485937 bM982 2011 aMurray, Laura 4aThe gingerbread man loose in the school / cLaura Murray ; illustrated by Mike Lowery. aNew York : bScholastic, c2011 aunpaged : bcolored illustration ; c28cm. a580